000 00685nam a22001697a 4500
008 151104b xxu||||| |||| 00| 0 eng d
050 _aDS101.J3515
100 _aLevine, Lee (ed.)
_921029
245 _aThe Jerusalem cathedra:
_bstudies in the history, archaeology, geographyand ethnography of the land of Israel
_c/edited by Lee I. Levine
260 _aJerusalem
_bWayne state University Press
_c1981
300 _a362p. ;
_c26cm.
650 _aIsrael
_xHistory
_xPeriodicals
_920980
650 _aPalestine
_xHistory
_xPeriodicals
_920981
650 _aIsrael
_xAntiquities
_xPeriodicals
_920982
650 _aPalestine
_xAntiquities
_xPeriodicals
_920983
942 _2lcc
_cMONOGRAPH
999 _c123753
_d123753